The new international Webster's pocket medical & first aid dictionary of the English language. (Record no. 61180)

000 -LEADER
fixed length control field 01340cam a22003374a 4500
001 - CONTROL NUMBER
control field 12752541
003 - CONTROL NUMBER IDENTIFIER
control field NUST-PNEC
005 - DATE AND TIME OF LATEST TRANSACTION
control field 20170116180716.0
008 - FIXED-LENGTH DATA ELEMENTS--GENERAL INFORMATION
fixed length control field 020424s2001 flua df 000 0 eng
010 ## - LIBRARY OF CONGRESS CONTROL NUMBER
LC control number 2002281489
020 ## - INTERNATIONAL STANDARD BOOK NUMBER
International Standard Book Number 1888777559
040 ## - CATALOGING SOURCE
Transcribing agency PNEC
042 ## - AUTHENTICATION CODE
Authentication code pcc
050 00 - LIBRARY OF CONGRESS CALL NUMBER
Classification number R121
Item number .N475 2001
082 00 - DEWEY DECIMAL CLASSIFICATION NUMBER
Classification number 610.3 WEB
100 ## - MAIN ENTRY--PERSONAL NAME
9 (RLIN) 715
Personal name Webster
245 04 - TITLE STATEMENT
Title The new international Webster's pocket medical & first aid dictionary of the English language.
246 30 - VARYING FORM OF TITLE
Title proper/short title Webster's pocket medical & first aid dictionary of the English language
246 18 - VARYING FORM OF TITLE
Title proper/short title Medical & first aid dictionary of the English language
250 ## - EDITION STATEMENT
Edition statement [New rev. ed.].
260 ## - PUBLICATION, DISTRIBUTION, ETC.
Place of publication, distribution, etc. [Naples, Fla.] :
Name of publisher, distributor, etc. Trident Press International,
Date of publication, distribution, etc. 1998.
300 ## - PHYSICAL DESCRIPTION
Extent 318 p. :
Other physical details ill. ;
Dimensions 17 cm.
500 ## - GENERAL NOTE
General note http://www.amazon.com/International-Websters-Medical-Dictionary-Language/dp/1888777559/ref=sr_1_1?s=books&ie=UTF8&qid=1413870053&sr=1-1&keywords=1888777559\
650 #0 - SUBJECT ADDED ENTRY--TOPICAL TERM
Topical term or geographic name entry element Medicine
Form subdivision Dictionaries.
650 #0 - SUBJECT ADDED ENTRY--TOPICAL TERM
Topical term or geographic name entry element Medicine, Popular
Form subdivision Dictionaries.
General subdivision General
650 #0 - SUBJECT ADDED ENTRY--TOPICAL TERM
Topical term or geographic name entry element First aid in illness and injury
Form subdivision Handbooks, manuals, etc.
710 2# - ADDED ENTRY--CORPORATE NAME
Corporate name or jurisdiction name as entry element Trident Press International.
906 ## - LOCAL DATA ELEMENT F, LDF (RLIN)
a 7
b cbc
c origcop
d 2
e ncip
f 20
g y-gencatlg
942 ## - ADDED ENTRY ELEMENTS (KOHA)
Source of classification or shelving scheme
Koha item type Book
Holdings
Withdrawn status Lost status Source of classification or shelving scheme Damaged status Not for loan Permanent Location Current Location Shelving location Date acquired Source of acquisition Cost, normal purchase price Total Checkouts Full call number Barcode Date last seen Cost, replacement price Price effective from Koha item type
          Pakistan Navy Engineering College (PNEC) Pakistan Navy Engineering College (PNEC) Reference 01/08/1999 Paramount Publishing Enterprises 665.70   610.3 WEB PNECLIB-020580 10/21/2014 665.70 01/08/1999 Book
© 2023 Central Library, National University of Sciences and Technology. All Rights Reserved.